000 01554ngm a2200325 4500
003 dpl
005 20080723110517.0
007 DVD
008 ||||||sp199 xxu|||||c|||| 00| 0 eng d
010 _aDVD-000973-975
024 _c599.00
_aDA0170
035 _aDVD-000973-975
040 _aDPL
_cDPL
082 _aDVD / HAPP
245 _aHappy Feet
_cWariner Pictures Presents
_h[videorecording] DVD/
246 _a.
260 _bSa Re Ga Ma Soul of India
300 _a1 videodisc DVD; (109 min.)
_bsd., col. ;
_c4 3/4 in.
_fDVD
440 _aSa Re Ga Ma Home Entertainment
500 _aThis DVD is Copy Protected
500 _a**** Not only the year's best animated movie its one of the years best period.
538 _iLanguage: Dolby Digital 5.1-English Subtitles: English, Spanish
538 _aAspect Ratio: 2.35:1, Presentation type: Wide Screen Presentation Size 16x9
650 _aAnimated Movie
942 _cCF
_2ddc
_hDVD
_mHAPP
999 _c16792
_d16792